000 00634nam a2200229Ia 4500
003 OSt
005 20221005113718.0
006 a|||||r|||| 00| 0
007 ta
008 221004b |||||||| |||| 00| 0 eng d
024 _a64602
037 _cTextual
040 _aCRL
_cCRL
_beng
041 _2eng
_aeng
082 _aV1-3:2:N5, J0
100 _aSoward F H
_996101
245 0 _aAdaptable Commonwealth
_b A summary of the proceedings of the Commonwealth Relations Conference 1949, etc.
260 _c1950
650 _aHISTORY
942 _hV1-3:2:N5, J0
_cTEXL
_2cc
999 _c1029020
_d1029020